Personnalités au hasard #50 - Statistiques

Statistiques générales
  • Ce quiz a été pris 163 fois
  • Le résultat moyen est 7 sur 32
Statistiques - réponses
Par images Réponse % Correct
Jordan Bardella
89%
Laurent Voulzy
73%
Clint Eastwood
60%
Morgane MakeUp
49%
Josiane Balasko
44%
Nicolas Bedos
44%
Océane
41%
Helena Bonham Carter
36%
Stéphane Rotenberg
36%
Chris Martin
33%
Alec Baldwin
25%
Sharon Stone
21%
Kevin Spacey
19%
James Charles
17%
Emmanuelle Seigner
16%
Hunter Schafer
14%
Lili Reinhart
14%
René Coty
14%
Franck Riester
13%
Paul Verlaine
12%
Sean Paul
12%
Yungblud
10%
Aloïse Sauvage
4%
Inna
4%
Maurice Couve de Murville
4%
A$AP Ferg
3%
d4vd
2%
Jimmy Cliff
2%
Robert Schuman
2%
The Magician
2%
François Michel Le Tellier de Louvois
1%
Robin Schulz
1%
Aucun quiz correspondant
Distribution des résultats
% des personnes avec chaque résultat
Percentile par nombre de réponses
Votre historique - résultats
Vous n’avez pas pris ce quiz